Nghiên cứu ảnh hưởng của một số yếu tố nuôi cấy lên khả năng nhân nhanh chồi in vitro cây lan gấm (Ludisia discolor (Ker Gawler) Blume)
Khảo sát điều kiện khử trùng mẫu nuôi cấy: khử trùng mẫu vật tại các nồng độ khác nhau của Ca(OCl)2, HgCl2, NaOCl trong các khoảng thời gian khác nhau để tìm ra chất khử trùng mẫu thích hợp. Cảm ứng chồi ban đầu: khảo sát ảnh hưởng về thành phần và nồng độ của các chất ĐHST (BA, KIN), xác định môi t...
Đã lưu trong:
| Hovedforfatter: | |
|---|---|
| Andre forfattere: | |
| Format: | Bog |
| Sprog: | Vietnamese |
| Udgivet: |
Đà Nẵng
Đại học Sư phạm, Đại học Đà Nẵng
2013
|
| Fag: | |
| Tags: |
Tilføj Tag
Ingen Tags, Vær først til at tagge denne postø!
|
| Thư viện lưu trữ: | Mạng thư viện Đại học Đà Nẵng |
|---|
| LEADER | 02310nam a2200385 4500 | ||
|---|---|---|---|
| 001 | 000018502 | ||
| 003 | 14934 | ||
| 005 | 20131115141114.0 | ||
| 008 | 131114s2013 viesd | ||
| 041 | |a vie | ||
| 082 | 1 | 4 | |a 631.53 |b NG-T |
| 100 | 1 | |a Nguyễn Vũ Huyền Trinh | |
| 245 | 1 | |a Nghiên cứu ảnh hưởng của một số yếu tố nuôi cấy lên khả năng nhân nhanh chồi in vitro cây lan gấm (Ludisia discolor (Ker Gawler) Blume) |c Nguyễn Vũ Huyền Trinh ; Võ Châu Tuấn hướng dẫn |k Khóa luận tốt nghiệp | |
| 260 | |a Đà Nẵng |b Đại học Sư phạm, Đại học Đà Nẵng |c 2013 | ||
| 300 | |a 40 tr. |b mh. |c 29 cm. |e Bản tóm tắt | ||
| 500 | |a Khóa luận tốt nghiệp đại học. Chuyên ngành: Cử nhân Sinh - Môi trường | ||
| 504 | |a Mục lục đầu trang, tài liệu tham khảo tr. 73 - 74, phụ lục [13 tr.] | ||
| 520 | |a Khảo sát điều kiện khử trùng mẫu nuôi cấy: khử trùng mẫu vật tại các nồng độ khác nhau của Ca(OCl)2, HgCl2, NaOCl trong các khoảng thời gian khác nhau để tìm ra chất khử trùng mẫu thích hợp. Cảm ứng chồi ban đầu: khảo sát ảnh hưởng về thành phần và nồng độ của các chất ĐHST (BA, KIN), xác định môi trường thích hợp cho giai đoạn tạo vật liệu khởi đầu. Nhân nhanh chồi: khảo sát ảnh hưởng về thành phần và nồng độ của các chất ĐHST (BA, KIN, IBA) tới hệ số nhân chồi. | ||
| 600 | 1 | 4 | |b Vua |c Đinh Tiên Hoàng |
| 650 | 0 | 4 | |a Cây lan gấm |v Khóa luận tốt nghiệp |x Nhân giống |
| 653 | |a Cây lan gấm | ||
| 653 | |a Nhân giống | ||
| 653 | |a Ludisia discolor (Ker Gawler) Blume | ||
| 653 | |a Khoa Sinh môi trường | ||
| 700 | 1 | |a Võ Châu Tuấn |e Hướng dẫn | |
| OWN | |a LSP | ||
| AVA | |a UDN50 |b LSP |d 631.53 NG-T |e available |t Error 5001 Not defined in file expand_doc_bib_avail. |f 1 |g 0 |h N |i 0 |k 1 | ||
| 999 | |a From the UDN01 | ||
| AVA | |a UDN50 |b LSP |d 631.53 NG-T |e available |t Error 5001 Not defined in file expand_doc_bib_avail. |f 1 |g 0 |h N |i 0 |k 1 | ||
| TYP | |a Monograph | ||
| TYP | |a Printed language | ||
| 980 | |a Mạng thư viện Đại học Đà Nẵng | ||